Geography Quiz

Random Geography or State Quiz

US States: What's Next Alphabetically? Quiz Stats

Quiz Updated Oct 1, 2015

Challenge
Share
Tweet
Score 0/50 Timer 05:00
0 Plays Today
% Correct
???
100%
???
93.7%
???
88%
???
86.3%
???
83.3%
???
81.7%
???
80.3%
???
79.7%
???
78.6%
???
78.4%
???
76.9%
???
75.9%
???
75.5%
???
75.2%
???
74.1%
???
72.6%
???
71.9%
???
70.8%
???
69.5%
???
67%
???
65.3%
???
63.7%
???
61.9%
???
60%
???
58.7%
% Correct
???
57.5%
???
54.3%
???
52.2%
???
50.4%
???
49.4%
???
48.5%
???
47.9%
???
46.2%
???
45.8%
???
44.2%
???
43%
???
42.2%
???
41.1%
???
39.2%
???
37.8%
???
37.3%
???
36.3%
???
35.8%
???
35%
???
33.6%
???
32.6%
???
31.4%
???
30.3%
???
29.4%
???
28.9%

You're not logged in!

Compare scores with friends on all Sporcle quizzes.
Join for Free
OR
Log In

You Might Also Like...

Show Comments

Extras

Top Quizzes Today


Score Distribution

Your Account Isn't Verified!

In order to create a playlist on Sporcle, you need to verify the email address you used during registration. Go to your Sporcle Settings to finish the process.

Report this User

Report this user for behavior that violates our Community Guidelines.

Details: